Alterations induced by Tortrimosaica polypodivora on the stems of Microgramma vacciniifolia: simple or complex galls? (Registro n. 339333)
[ somente texto ]
| 000 -LÍDER | |
|---|---|
| fixed length control field | 04281nab a2200277 i 4500 |
| 003 - CÓDIGO MARC DA AGÊNCIA CATALOGADORA | |
| Campo de controle | BR-BrBNA |
| 005 - DATA E HORA DA ÚLTIMA ATUALIZAÇÃO | |
| Campo de controle | 20251203180330.0 |
| 008 - CAMPO DE TAMANHO FIXO | |
| fixed length control field | 251203b2023 bl.ar|pooa||| 00| 0 eng | |
| 040 ## - FONTE DA CATALOGAÇÃO | |
| Agência catalogadora | BR-BrBNA |
| Idioma da catalogação | eng |
| 072 ## - CATEGORIA AGRIS | |
| Código AGRIS | F50 |
| Código do objeto | 3373 |
| 072 ## - CATEGORIA AGRIS | |
| Código AGRIS | F61 |
| 100 ## - ENTRADA PRINCIPAL - NOME PESSOAL | |
| Nome pessoal | Martins, Gabriela Soares |
| 100 ## - ENTRADA PRINCIPAL - NOME PESSOAL | |
| Nome pessoal | Santos, Marcelo Guerra |
| 100 ## - ENTRADA PRINCIPAL - NOME PESSOAL | |
| Nome pessoal | Reis, Atiles |
| 100 ## - ENTRADA PRINCIPAL - NOME PESSOAL | |
| Nome pessoal | Ferreira, Bruno Garcia |
| 245 ## - TÍTULO PRINCIPAL | |
| Título principal | Alterations induced by Tortrimosaica polypodivora on the stems of Microgramma vacciniifolia: simple or complex galls? |
| 500 ## - NOTA GERAL | |
| Nota geral | Publicação on-line; Bibliography p. 12-14 (57 ref.); 1 table; 5 illus.; Summaries (En, Pt) |
| 942 ## - ADDED ENTRY ELEMENTS (KOHA) | |
| Koha item type | Analítica |
| 520 ## - NOTA DE RESUMO | |
| Nota de conteúdo | <br/><br/>Abstract<br/><br/>Microgramma vacciniifolia, an epiphyte fern, hosts of two stem galls. One is induced by Tortrimosaica<br/>polypodivora (Lepidoptera), which can also induce galls in M. squamulosa and M. mortoniana. The<br/>alterations induced by T. polypodivora on M. vacciniifolia stem were compared to non-galled organs to<br/>evaluate the anatomical potentials of host ferns in response to a galling Lepidoptera. Histochemical and<br/>histometrical comparisons between galled and non-galled stems were performed to assess the processes<br/>leading to gall formation. M. vacciinifolia and M. squamulosa galls were anatomically similar, although<br/>their sizes differ, reflecting the growth potential of each host species. Simple structural alterations, such as<br/>hyperplasia of cortical and pericycle cells, occur during gall formation, while cell hypertrophy, common<br/>in more complex galls, was only detected on the pericycle. Meristele size remained unaltered in galls,<br/>but the pericycle appeared hyperplasic. The protective scales were broader in galls. A nutritive tissue<br/>with lipids, typical to Lepidoptera galls, was observed around the larval chamber, with small cells and<br/>meristematic activity. Starch, proteins, and reducing sugars accumulated in nutritive cells are uncommonly<br/>found in Lepidoptera galls. Despite simple structural alterations, T. polypodivora induced a gradient of<br/>primary metabolites, similar to angiosperm galls.<br/><br/>Key words: histochemistry, histometry, plant anatomy, plant-insect interactions, scales.<br/><br/><br/><br/><br/>Resumo<br/><br/>Microgramma vacciniifolia, uma samambaia epifíta, abriga duas galhas caulinares, uma delas induzida<br/>por Tortrimosaica polypodivora (Lepidoptera), que também induz galhas em M. squamulosa e em M.<br/>mortoniana. Alterações induzidas por T. polypodivora nos caules de M. vacciniifolia foram comparadas<br/>aos caules não-galhados, para avaliar os potenciais anatômicos das samambaias hospedeiras em resposta<br/>a um Lepidoptera galhador. Comparações histoquímicas e histométricas foram realizadas para avaliar<br/>os processos que levam à formação das galhas. As galhas de M. vacciinifolia e M. squamulosa são<br/>anatomicamente semelhantes, embora seus tamanhos diferem, refletindo o potencial de crescimento de cada<br/>espécie hospedeira. Alterações estruturais simples ocorrem durante a formação da galha, como hiperplasia<br/>das células corticais e pericíclicas, enquanto hipertrofia celular, comum em galhas mais complexas, é<br/>detectada apenas no periciclo. Os meristelos não têm o tamanho alterado, mas o periciclo apresenta<br/>hiperplasia. As escamas são mais largas nas galhas. Ao redor da câmara larval observa-se um tecido<br/>nutritivo com lipídios, típico das galhas de Lepidoptera, com células pequenas e atividade meristemática.<br/>Amido, proteínas e açúcares redutores também se acumulam nas células nutritivas, raramente relatado em<br/>galhas de Lepidoptera. Apesar das alterações estruturais simples, T. polypodivora induz o estabelecimento<br/>de um gradiente de metabólitos primários, semelhante ao observado em galhas de angiospermas.<br/><br/>Palavras-chave: histoquímica, histometria, anatomia vegetal, interações inseto-planta, escamas. |
| 650 ## - ASSUNTO - THESAGRO | |
| Cabeçalho tópico ou nome geográfico | HISTOQUÍMICA |
| 650 ## - ASSUNTO - THESAGRO | |
| Cabeçalho tópico ou nome geográfico | ANATOMIA VEGETAL |
| 650 ## - ASSUNTO - THESAGRO | |
| Cabeçalho tópico ou nome geográfico | ESCAMA DA FOLHA |
| 773 0# - ENTRADA ANALÍTICA | |
| Host Biblionumber | 709 |
| Registro do item | 359038 |
| Imprenta | Rio de Janeiro-RJ Jardim Botanico do Rio de Janeiro 1935 |
| Outro identificador | 2025-7012 |
| Título | Rodriguésia (Brazil) |
| ISSN | 0370-6583; 2175-7860 on-line |
| Colação | v. 74 p. 1-14; (2023) |
| Número de controle de registro | BR2025004406 |
| 856 ## - ACESSO E ENDEREÇO ELETRÔNICO | |
| Identificador uniforme de recurso - URI | https://www.scielo.br/j/rod/a/c9Y8PYtLCyKXHXgd6rqzcrG/?format=pdf&lang=en |
Nenhum exemplar disponível.

BINAGRI